000
00308nam a22001217a 4500
008
160510b xxu||||| |||| 00| 0 eng d
020
_a
9781401813987
020
_a
9781401813984
041
_a
eng
080
_a
61
245
_a
Medical office practice:
_c
Phillip atkinson; Diane aar. Miller;
942
_2
udc
_c
BK
999
_c
2004
_d
2004